Cantico dei Cantici (Record n. 3344)
[ formato base ]
| 000 -LEADER | |
|---|---|
| fixed length control field | 00855nam a2200205Ia 4500 |
| 003 - CONTROL NUMBER IDENTIFIER | |
| control field | IT-RoPau |
| 005 - DATE AND TIME OF LATEST TRANSACTION | |
| control field | 20220918175318.0 |
| 008 - FIXED-LENGTH DATA ELEMENTS--GENERAL INFORMATION | |
| fixed length control field | 120407s9999 xx 000 0 und d |
| 040 ## - CATALOGING SOURCE | |
| Original cataloging agency | IT-RoPAU |
| Transcribing agency | IT-RoPau |
| 040 ## - CATALOGING SOURCE | |
| Transcribing agency | IT-RoPAU |
| 100 ## - MAIN ENTRY--PERSONAL NAME | |
| Personal name | Colombo, Dalmazio |
| 9 (RLIN) | 2178 |
| 245 ## - TITLE STATEMENT | |
| Title | Cantico dei Cantici |
| 260 ## - PUBLICATION, DISTRIBUTION, ETC. (IMPRINT) | |
| Place of publication, distribution, etc. | Cinisello Balsamo |
| Name of publisher, distributor, etc. | Edizioni San Paolo |
| Date of publication, distribution, etc. | 1998 |
| 300 ## - PHYSICAL DESCRIPTION | |
| Dimensions | 10,5 cm |
| Extent | 160 p. |
| 490 ## - SERIES STATEMENT | |
| Volume/sequential designation | 1 |
| 520 ## - SUMMARY, ETC. | |
| Summary, etc. | Introduzione; Il "Cantico" nella miniatura; CANTICO DEI CANTICI; Preludio; Primo carme: Canto d'incontro; Secondo carme: Canto di primavera; Terzo carme: Canto nuziale; Quarto carme: Canto notturno; Quinto carme: Canto di danza; Epilogo: Il cantico dell'amore; Frammenti aggiunti; Appendice; Indice iconografico. |
| 600 ## - SUBJECT ADDED ENTRY--PERSONAL NAME | |
| Personal name | Collana Nuovissima Versione B. - 2° n. di copie a parte |
| 9 (RLIN) | 34051 |
| 942 ## - ADDED ENTRY ELEMENTS (KOHA) | |
| Koha item type | LIBRO |
| Source of classification or shelving scheme | Dewey Decimal Classification |
| Withdrawn status | Lost status | Source of classification or shelving scheme | Damaged status | Not for loan | Home library | Current library | Date acquired | Total Checkouts | Full call number | Date last seen | Price effective from | Koha item type | Public note |
|---|---|---|---|---|---|---|---|---|---|---|---|---|---|
| Dewey Decimal Classification | Buone Condizioni | Not For Loan | PAULUS-BIBLIOTECA | PAULUS-BIBLIOTECA | 11/04/2012 | 04 spalla - CG. | 11/04/2012 | 11/04/2012 | LIBRO | Inserito da: Valentino In data: n.d. fondo: Fanella - Valentino Progr:2403 |